<?xml version="1.0" encoding="UTF-8"?>
<record
    xmlns:xsi="http://www.w3.org/2001/XMLSchema-instance"
    xsi:schemaLocation="http://www.loc.gov/MARC21/slim http://www.loc.gov/standards/marcxml/schema/MARC21slim.xsd"
    xmlns="http://www.loc.gov/MARC21/slim">

  <leader>03489nam a2200409 a 4500</leader>
  <controlfield tag="001">dia_1483</controlfield>
  <controlfield tag="003">CHAP</controlfield>
  <controlfield tag="005">20250623141736.0</controlfield>
  <controlfield tag="007">ta</controlfield>
  <controlfield tag="008">220117s1994    mx ad  fr     001 0 spa d</controlfield>
  <datafield tag="010" ind1=" " ind2=" ">
    <subfield code="a">172024</subfield>
  </datafield>
  <datafield tag="020" ind1=" " ind2=" ">
    <subfield code="a">968-26-1246-2</subfield>
  </datafield>
  <datafield tag="040" ind1=" " ind2=" ">
    <subfield code="c">CHAP</subfield>
    <subfield code="a">mxchpua</subfield>
  </datafield>
  <datafield tag="041" ind1=" " ind2=" ">
    <subfield code="a">spa</subfield>
    <subfield code="b">spa</subfield>
    <subfield code="f">spa</subfield>
    <subfield code="h">eng</subfield>
  </datafield>
  <datafield tag="050" ind1=" " ind2=" ">
    <subfield code="a">TJ265</subfield>
    <subfield code="b">.H83 1994</subfield>
  </datafield>
  <datafield tag="082" ind1=" " ind2=" ">
    <subfield code="2">20</subfield>
    <subfield code="a">621.01</subfield>
    <subfield code="b">H83 1994</subfield>
  </datafield>
  <datafield tag="100" ind1="1" ind2=" ">
    <subfield code="a">Huang, Francis F.</subfield>
    <subfield code="9">56577</subfield>
    <subfield code="e">autor </subfield>
  </datafield>
  <datafield tag="240" ind1="1" ind2="0">
    <subfield code="a">Engineering thermodynamics: fundamentals and applications.</subfield>
    <subfield code="l">Espa&#xF1;ol</subfield>
  </datafield>
  <datafield tag="245" ind1="1" ind2="0">
    <subfield code="a">Ingenier&#xED;a termodin&#xE1;mica :</subfield>
    <subfield code="b">fundamentos y aplicaciones /</subfield>
    <subfield code="c">Francis F. Huang ; traductor Jaime B. Cervantes de Gortari</subfield>
  </datafield>
  <datafield tag="250" ind1=" " ind2=" ">
    <subfield code="a">2a edici&#xF3;n</subfield>
  </datafield>
  <datafield tag="264" ind1=" " ind2=" ">
    <subfield code="a">M&#xE9;xico :</subfield>
    <subfield code="b">CECSA,</subfield>
    <subfield code="c">1994</subfield>
  </datafield>
  <datafield tag="300" ind1=" " ind2=" ">
    <subfield code="a">xxix, 864 p&#xE1;ginas : </subfield>
    <subfield code="b">ilustraciones, tablas, gr&#xE1;ficas</subfield>
  </datafield>
  <datafield tag="336" ind1=" " ind2=" ">
    <subfield code="a">texto</subfield>
    <subfield code="b">txt</subfield>
    <subfield code="2">rdacontent</subfield>
  </datafield>
  <datafield tag="337" ind1=" " ind2=" ">
    <subfield code="a">sin medio</subfield>
    <subfield code="b">n</subfield>
    <subfield code="2">rdamedia</subfield>
  </datafield>
  <datafield tag="338" ind1=" " ind2=" ">
    <subfield code="a">volumen</subfield>
    <subfield code="b">nc</subfield>
    <subfield code="2">rdacarrier</subfield>
  </datafield>
  <datafield tag="500" ind1=" " ind2=" ">
    <subfield code="a">Ej. 5: dia_5047 (perdido). </subfield>
  </datafield>
  <datafield tag="504" ind1=" " ind2=" ">
    <subfield code="a">Bibliograf&#xED;a: 761-763</subfield>
  </datafield>
  <datafield tag="505" ind1="0" ind2=" ">
    <subfield code="a">I. Fundamentos --
1. Conceptos b&#xE1;sicos y definiciones --
2. La energ&#xED;a y la primera ley de la termodin&#xE1;mica --
3. La entrop&#xED;a y la segunda ley de la termodin&#xE1;mica --
4. Ecuaciones de estado en forma gr&#xE1;fica y tabular para una sustancia pura --
5. Comportamiento y propiedades termodin&#xE1;micas de los gases ideales --
6. Algunas consecuencias de la segunda ley de la termodin&#xE1;mica con una introducci&#xF3;n a los sistemas de componentes multiples --
II. Aplicaciones --
7. An&#xE1;lisis de ingenier&#xED;a de procesos para sistemas cerrados --
8. An&#xE1;lisis de ingenier&#xED;a de procesos para sistemas abiertos --
9. La termodin&#xE1;mica de fluidos con flujo unidimensional permanente --
10. Disponibilidad, irreversabilidad y an&#xE1;lisis energ&#xE9;tico de procesos --
11. Sistemas para la generaci&#xF3;n de energ&#xED;a, ciclo combinado y cogeneraci&#xF3;n --
12. Sistemas de refrigeraci&#xF3;n y bombas de calor --
13. Termodin&#xE1;mica de la sustancia simple compresible --
14. Termodin&#xE1;mica de mezclas no reactivas de gases y vapores --
15. Reacciones qu&#xED;micas y mezclas reactivas --
16. Dise&#xF1;o de sistemas que incluyan dep&#xF3;sitos de calor, de trabajo y de materia --
Bibliograf&#xED;a</subfield>
  </datafield>
  <datafield tag="520" ind1="2" ind2=" ">
    <subfield code="a">En esta nueva edici&#xF3;n el estudiante encuentra los conceptos b&#xE1;sicos y las definiciones de manera coherente. Se le exponen los diferentes sistemas de Ingenier&#xED;a con el objeto de ilustrar la termodin&#xE1;mica y las diferentes clases de herramientas utilizadas en el dise&#xF1;o de tales sistemas. Se muestra al lector la estructura b&#xE1;sica de esta ciencia que es relativamente simple.
 Incluye el tema de disponibilidad, irreversibilidad y an&#xE1;lisis de disponibilidad; se adapta el sistema internacional (SI) de unidades; sin embargo, existen ejemplos tambien del sistema  ingl&#xE9;s. Se han incrementado sustancialmente la cantidad de problemas al final de cada cap&#xED;tulo. Se han adicionado muchos problemas para los cuales se recomienda el uso de la computadora. Se han agregado datos de propiedades en el sistema internacional de unidades. 
El conjunto de todos estos cambios y adiciones deber&#xE1;n hacer de esta nueva edici&#xF3;n un texto m&#xE1;s eficiente y actualizado en beneficio del estudiante.</subfield>
  </datafield>
  <datafield tag="650" ind1="1" ind2="3">
    <subfield code="a">Termodin&#xE1;mica  </subfield>
    <subfield code="9">112366</subfield>
    <subfield code="2">atg</subfield>
  </datafield>
  <datafield tag="650" ind1="1" ind2="3">
    <subfield code="a">Thermodynamics</subfield>
    <subfield code="9">150835</subfield>
    <subfield code="2">atg</subfield>
  </datafield>
  <datafield tag="700" ind1="1" ind2=" ">
    <subfield code="a">Cervantes de Gortari, Jaime B.</subfield>
    <subfield code="9">150849</subfield>
    <subfield code="e">traductor</subfield>
  </datafield>
  <datafield tag="901" ind1=" " ind2=" ">
    <subfield code="a">621.01 H83 1994</subfield>
  </datafield>
  <datafield tag="902" ind1=" " ind2=" ">
    <subfield code="a">M</subfield>
  </datafield>
  <datafield tag="905" ind1=" " ind2=" ">
    <subfield code="a">5232271994                          MX a   8232223322SPA16</subfield>
  </datafield>
  <datafield tag="942" ind1=" " ind2=" ">
    <subfield code="c">LIBRO</subfield>
    <subfield code="2">ddc</subfield>
  </datafield>
  <datafield tag="999" ind1=" " ind2=" ">
    <subfield code="c">172024</subfield>
    <subfield code="d">172024</subfield>
  </datafield>
  <datafield tag="952" ind1=" " ind2=" ">
    <subfield code="0">0</subfield>
    <subfield code="1">0</subfield>
    <subfield code="2">ddc</subfield>
    <subfield code="4">0</subfield>
    <subfield code="5">5</subfield>
    <subfield code="7">0</subfield>
    <subfield code="8">GRAL</subfield>
    <subfield code="a">IA_</subfield>
    <subfield code="b">IA_</subfield>
    <subfield code="d">2003-09-05</subfield>
    <subfield code="e">Compra</subfield>
    <subfield code="i">C/e</subfield>
    <subfield code="l">5</subfield>
    <subfield code="o">621.01 H83 1994</subfield>
    <subfield code="p">1102005534</subfield>
    <subfield code="r">2025-06-24 13:44:47</subfield>
    <subfield code="s">2025-06-17</subfield>
    <subfield code="t">Ej. 13</subfield>
    <subfield code="w">2022-01-18</subfield>
    <subfield code="y">LIBRO</subfield>
  </datafield>
  <datafield tag="952" ind1=" " ind2=" ">
    <subfield code="0">0</subfield>
    <subfield code="1">0</subfield>
    <subfield code="2">ddc</subfield>
    <subfield code="4">0</subfield>
    <subfield code="5">1</subfield>
    <subfield code="7">0</subfield>
    <subfield code="8">GRAL</subfield>
    <subfield code="a">IA_</subfield>
    <subfield code="b">IA_</subfield>
    <subfield code="d">1997-07-29</subfield>
    <subfield code="e">Compra Librer&#xED;a Patena F. 1256 / R. (29/07/1997)</subfield>
    <subfield code="i">189286</subfield>
    <subfield code="l">0</subfield>
    <subfield code="o">621.01 H83 1994</subfield>
    <subfield code="p">1102004329</subfield>
    <subfield code="r">2022-01-18 00:00:00</subfield>
    <subfield code="t">Ej. 1</subfield>
    <subfield code="w">2022-01-18</subfield>
    <subfield code="y">LIBRO</subfield>
  </datafield>
  <datafield tag="952" ind1=" " ind2=" ">
    <subfield code="0">0</subfield>
    <subfield code="1">0</subfield>
    <subfield code="2">ddc</subfield>
    <subfield code="4">0</subfield>
    <subfield code="5">5</subfield>
    <subfield code="7">0</subfield>
    <subfield code="8">GRAL</subfield>
    <subfield code="a">IA_</subfield>
    <subfield code="b">IA_</subfield>
    <subfield code="d">2022-01-18</subfield>
    <subfield code="e">Compra</subfield>
    <subfield code="i">Consumo</subfield>
    <subfield code="l">14</subfield>
    <subfield code="o">621.01 H83 1994</subfield>
    <subfield code="p">1102004330</subfield>
    <subfield code="r">2025-10-13 19:36:43</subfield>
    <subfield code="s">2025-10-06</subfield>
    <subfield code="t">Ej. 2</subfield>
    <subfield code="w">2022-01-18</subfield>
    <subfield code="y">LIBRO</subfield>
  </datafield>
  <datafield tag="952" ind1=" " ind2=" ">
    <subfield code="0">0</subfield>
    <subfield code="1">0</subfield>
    <subfield code="2">ddc</subfield>
    <subfield code="4">0</subfield>
    <subfield code="5">5</subfield>
    <subfield code="7">0</subfield>
    <subfield code="8">GRAL</subfield>
    <subfield code="a">IA_</subfield>
    <subfield code="b">IA_</subfield>
    <subfield code="d">1997-07-29</subfield>
    <subfield code="e">Compra Librer&#xED;a Patena F. 1256 / R. (29/07/1997)</subfield>
    <subfield code="i">189285</subfield>
    <subfield code="l">7</subfield>
    <subfield code="m">2</subfield>
    <subfield code="o">621.01 H83 1994</subfield>
    <subfield code="p">1102004331</subfield>
    <subfield code="r">2025-06-20 12:09:02</subfield>
    <subfield code="s">2025-06-10</subfield>
    <subfield code="t">Ej. 3</subfield>
    <subfield code="w">2022-01-18</subfield>
    <subfield code="y">LIBRO</subfield>
  </datafield>
  <datafield tag="952" ind1=" " ind2=" ">
    <subfield code="0">0</subfield>
    <subfield code="1">0</subfield>
    <subfield code="2">ddc</subfield>
    <subfield code="4">0</subfield>
    <subfield code="5">5</subfield>
    <subfield code="7">0</subfield>
    <subfield code="8">GRAL</subfield>
    <subfield code="a">IA_</subfield>
    <subfield code="b">IA_</subfield>
    <subfield code="d">2001-08-17</subfield>
    <subfield code="e">Compra</subfield>
    <subfield code="i">C/e</subfield>
    <subfield code="l">3</subfield>
    <subfield code="o">621.01 H83 1994</subfield>
    <subfield code="p">1102005046</subfield>
    <subfield code="r">2025-04-08 14:04:43</subfield>
    <subfield code="s">2025-04-08</subfield>
    <subfield code="t">Ej. 4</subfield>
    <subfield code="w">2022-01-18</subfield>
    <subfield code="y">LIBRO</subfield>
  </datafield>
  <datafield tag="952" ind1=" " ind2=" ">
    <subfield code="0">0</subfield>
    <subfield code="1">3</subfield>
    <subfield code="2">ddc</subfield>
    <subfield code="4">0</subfield>
    <subfield code="7">0</subfield>
    <subfield code="8">GRAL</subfield>
    <subfield code="a">IA_</subfield>
    <subfield code="b">IA_</subfield>
    <subfield code="d">2022-01-18</subfield>
    <subfield code="e">Substituido por 1102005047</subfield>
    <subfield code="f">1</subfield>
    <subfield code="l">0</subfield>
    <subfield code="o">621.01 H83 1994</subfield>
    <subfield code="r">2022-01-18 00:00:00</subfield>
    <subfield code="t">5</subfield>
    <subfield code="w">2022-01-18</subfield>
    <subfield code="y">LIBRO</subfield>
  </datafield>
  <datafield tag="952" ind1=" " ind2=" ">
    <subfield code="0">0</subfield>
    <subfield code="1">0</subfield>
    <subfield code="2">ddc</subfield>
    <subfield code="4">0</subfield>
    <subfield code="5">5</subfield>
    <subfield code="7">0</subfield>
    <subfield code="8">GRAL</subfield>
    <subfield code="a">IA_</subfield>
    <subfield code="b">IA_</subfield>
    <subfield code="d">2001-08-17</subfield>
    <subfield code="e">Compra</subfield>
    <subfield code="i">C/e</subfield>
    <subfield code="l">3</subfield>
    <subfield code="o">621.01 H83 1994</subfield>
    <subfield code="p">1102005048</subfield>
    <subfield code="r">2024-06-11 00:00:00</subfield>
    <subfield code="s">2024-06-03</subfield>
    <subfield code="t">Ej. 6</subfield>
    <subfield code="w">2022-01-18</subfield>
    <subfield code="y">LIBRO</subfield>
  </datafield>
  <datafield tag="952" ind1=" " ind2=" ">
    <subfield code="0">0</subfield>
    <subfield code="1">0</subfield>
    <subfield code="2">ddc</subfield>
    <subfield code="4">0</subfield>
    <subfield code="5">5</subfield>
    <subfield code="7">0</subfield>
    <subfield code="8">GRAL</subfield>
    <subfield code="a">IA_</subfield>
    <subfield code="b">IA_</subfield>
    <subfield code="d">2002-09-24</subfield>
    <subfield code="e">Compra</subfield>
    <subfield code="i">C/e</subfield>
    <subfield code="l">10</subfield>
    <subfield code="o">621.01 H83 1994</subfield>
    <subfield code="p">1102005324</subfield>
    <subfield code="r">2025-06-20 12:08:06</subfield>
    <subfield code="s">2025-06-10</subfield>
    <subfield code="t">Ej. 7</subfield>
    <subfield code="w">2022-01-18</subfield>
    <subfield code="y">LIBRO</subfield>
  </datafield>
  <datafield tag="952" ind1=" " ind2=" ">
    <subfield code="0">0</subfield>
    <subfield code="1">0</subfield>
    <subfield code="2">ddc</subfield>
    <subfield code="4">0</subfield>
    <subfield code="5">5</subfield>
    <subfield code="7">0</subfield>
    <subfield code="8">GRAL</subfield>
    <subfield code="a">IA_</subfield>
    <subfield code="b">IA_</subfield>
    <subfield code="d">2002-09-24</subfield>
    <subfield code="e">Compra</subfield>
    <subfield code="i">C/e</subfield>
    <subfield code="l">1</subfield>
    <subfield code="o">621.01 H83 1994</subfield>
    <subfield code="p">1102005325</subfield>
    <subfield code="r">2024-03-15 00:00:00</subfield>
    <subfield code="s">2024-03-08</subfield>
    <subfield code="t">Ej. 8</subfield>
    <subfield code="w">2022-01-18</subfield>
    <subfield code="y">LIBRO</subfield>
  </datafield>
  <datafield tag="952" ind1=" " ind2=" ">
    <subfield code="0">0</subfield>
    <subfield code="1">0</subfield>
    <subfield code="2">ddc</subfield>
    <subfield code="4">0</subfield>
    <subfield code="5">5</subfield>
    <subfield code="7">0</subfield>
    <subfield code="8">GRAL</subfield>
    <subfield code="a">IA_</subfield>
    <subfield code="b">IA_</subfield>
    <subfield code="d">2002-09-24</subfield>
    <subfield code="e">Compra</subfield>
    <subfield code="i">C/e</subfield>
    <subfield code="l">10</subfield>
    <subfield code="m">4</subfield>
    <subfield code="o">621.01 H83 1994</subfield>
    <subfield code="p">1102005326</subfield>
    <subfield code="r">2025-09-10 19:24:06</subfield>
    <subfield code="s">2025-09-10</subfield>
    <subfield code="t">Ej. 9</subfield>
    <subfield code="w">2022-01-18</subfield>
    <subfield code="y">LIBRO</subfield>
  </datafield>
  <datafield tag="952" ind1=" " ind2=" ">
    <subfield code="0">0</subfield>
    <subfield code="1">0</subfield>
    <subfield code="2">ddc</subfield>
    <subfield code="4">0</subfield>
    <subfield code="5">5</subfield>
    <subfield code="7">0</subfield>
    <subfield code="8">GRAL</subfield>
    <subfield code="a">IA_</subfield>
    <subfield code="b">IA_</subfield>
    <subfield code="d">2002-10-04</subfield>
    <subfield code="e">Compra</subfield>
    <subfield code="i">C/e</subfield>
    <subfield code="l">10</subfield>
    <subfield code="m">1</subfield>
    <subfield code="o">621.01 H83 1994</subfield>
    <subfield code="p">1102005345</subfield>
    <subfield code="r">2025-09-17 15:16:50</subfield>
    <subfield code="s">2025-08-29</subfield>
    <subfield code="t">Ej. 10</subfield>
    <subfield code="w">2022-01-18</subfield>
    <subfield code="y">LIBRO</subfield>
  </datafield>
  <datafield tag="952" ind1=" " ind2=" ">
    <subfield code="0">0</subfield>
    <subfield code="1">0</subfield>
    <subfield code="2">ddc</subfield>
    <subfield code="4">0</subfield>
    <subfield code="5">5</subfield>
    <subfield code="7">0</subfield>
    <subfield code="8">GRAL</subfield>
    <subfield code="a">IA_</subfield>
    <subfield code="b">IA_</subfield>
    <subfield code="d">2002-10-04</subfield>
    <subfield code="e">Compra</subfield>
    <subfield code="i">C/e</subfield>
    <subfield code="l">4</subfield>
    <subfield code="m">4</subfield>
    <subfield code="o">621.01 H83 1994</subfield>
    <subfield code="p">1102005346</subfield>
    <subfield code="r">2024-10-15 09:23:18</subfield>
    <subfield code="s">2024-10-08</subfield>
    <subfield code="t">Ej. 11</subfield>
    <subfield code="w">2022-01-18</subfield>
    <subfield code="y">LIBRO</subfield>
  </datafield>
  <datafield tag="952" ind1=" " ind2=" ">
    <subfield code="0">0</subfield>
    <subfield code="1">0</subfield>
    <subfield code="2">ddc</subfield>
    <subfield code="4">0</subfield>
    <subfield code="5">5</subfield>
    <subfield code="7">0</subfield>
    <subfield code="8">GRAL</subfield>
    <subfield code="a">IA_</subfield>
    <subfield code="b">IA_</subfield>
    <subfield code="d">2022-01-18</subfield>
    <subfield code="e">Compra</subfield>
    <subfield code="i">C/e</subfield>
    <subfield code="l">8</subfield>
    <subfield code="m">6</subfield>
    <subfield code="o">621.01 H83 1994</subfield>
    <subfield code="p">1102005347</subfield>
    <subfield code="r">2025-11-04 13:28:53</subfield>
    <subfield code="s">2025-10-16</subfield>
    <subfield code="t">Ej. 12</subfield>
    <subfield code="w">2022-01-18</subfield>
    <subfield code="y">LIBRO</subfield>
  </datafield>
</record>
